[Event "C.P.A. Zevio 2019"]
[Site "?"]
[Date "2019.01.27"]
[Round "4.17"]
[White "Tencheni, Maurizio"]
[Black "Antolini, Aldo"]
[Result "0-1"]
[WhiteElo "1635"]
[BlackElo "1541"]
[PlyCount "136"]
[EventDate "2019.??.??"]

1. c4 e5 2. g3 f5 3. Bg2 Nf6 4. b3 Be7 5. Bb2 d6 6. d3 O-O 7. Nd2 Nc6 8. Ngf3
Bd7 9. a3 a5 10. O-O Qe8 11. Qc2 Kh8 12. Bc3 Qh5 13. Rfe1 Ng4 14. Nf1 Rab8 15.
b4 axb4 16. axb4 Nd8 17. e3 Ne6 18. Ra5 c6 19. Rea1 Bd8 20. R5a3 f4 21. h3 fxe3
22. hxg4 exf2+ 23. Qxf2 Qxg4 24. N1h2 Qg6 25. Be1 Ng5 26. Qf1 Bb6+ 27. Bf2
Bxf2+ 28. Kxf2 e4 29. dxe4 Nxe4+ 30. Kg1 Qxg3 31. Qe2 Bh3 32. Ne1 Nc3 33. Qd2
Bxg2 34. Nxg2 Ne4 35. Rxg3 Nxd2 36. Rc1 Ra8 37. Rd3 Nxc4 38. Rxc4 Ra1+ 39. Nf1
Raxf1+ 40. Kh2 d5 41. Rcc3 g6 42. Ra3 Kg7 43. Ra7 R8f7 44. Rc3 Rb1 45. Ra4 h5
46. Rc2 Re7 47. Rf2 Re4 48. Ra8 Rbxb4 49. Raf8 Re7 50. R8f3 Rbe4 51. Kg3 d4 52.
Nf4 c5 53. Nd5 Rd7 54. Nb6 Rd6 55. Rf7+ Kh6 56. Nc4 Rd5 57. Kg2 b5 58. Nd2 Re3
59. Rb7 c4 60. Rc7 d3 61. Rc8 Ree5 62. Rh8+ Kg7 63. Rhf8 Rf5 64. Rc8 Rxf2+ 65.
Kxf2 Kf6 66. Ne4+ Kf5 67. Nc3 Re5 68. Rd8 h4 0-1

[Event "C.P.A. Zevio 2019"]
[Site "?"]
[Date "2019.01.27"]
[Round "4.18"]
[White "Zonta, Riccardo"]
[Black "Pompele, Andrea"]
[Result "1-0"]
[WhiteElo "1542"]
[BlackElo "1519"]
[PlyCount "103"]
[EventDate "2019.??.??"]

1. e4 e5 2. Nc3 Nf6 3. g3 Nc6 4. Bg2 Bc5 5. d3 a6 6. h3 O-O 7. Nf3 h6 8. O-O b5
9. a3 Re8 10. Be3 Nd4 11. Kh2 Bb7 12. Ne2 Nxf3+ 13. Bxf3 Bxe3 14. fxe3 Nh7 15.
Bg2 d5 16. exd5 Bxd5 17. e4 Be6 18. Qd2 Qc8 19. Ng1 c5 20. Nf3 Bd7 21. c3 Nf6
22. Rae1 Ra7 23. Nh4 Nh7 24. Nf5 Re6 25. d4 Be8 26. d5 Rb6 27. Rd1 Rbb7 28. Nd6
Qb8 29. Nxb7 Rxb7 30. d6 Nf8 31. Qd5 Nd7 32. h4 Nb6 33. Qxe5 Nc4 34. Qxc5 Rd7
35. e5 Nxb2 36. Rd2 Na4 37. Qb4 Qa7 38. Bc6 Qe3 39. Qf4 Qxf4 40. gxf4 Rd8 41.
Bxe8 Rxe8 42. d7 Rd8 43. f5 Nxc3 44. Rc1 Ne4 45. Rc8 Nxd2 46. Rxd8+ Kh7 47. e6
fxe6 48. fxe6 Nf3+ 49. Kg3 Nd4 50. Rh8+ Kg6 51. d8=Q Nxe6 52. Qd6 1-0

[Event "C.P.A. Zevio 2019"]
[Site "?"]
[Date "2019.01.27"]
[Round "4.19"]
[White "Trigili, Franco"]
[Black "Faccia, Augusto"]
[Result "1-0"]
[WhiteElo "1473"]
[BlackElo "1440"]
[PlyCount "119"]
[EventDate "2019.??.??"]

1. Nf3 Nf6 2. b3 g6 3. Bb2 Bg7 4. c4 d6 5. d4 O-O 6. h3 Nbd7 7. Nc3 c6 8. e4
Re8 9. Be2 e5 10. d5 c5 11. O-O a6 12. a4 Rb8 13. Nd2 Qc7 14. g4 Nf8 15. f3 h6
16. Rf2 Bd7 17. a5 Qc8 18. Na4 Bxa4 19. Rxa4 N8h7 20. h4 h5 21. g5 Nd7 22. Qf1
Qd8 23. f4 Rf8 24. f5 Qe8 25. Bc3 Bh8 26. Qh3 Qd8 27. b4 Qc8 28. Qg3 Qd8 29.
Ra1 Rc8 30. Nf3 Qe8 31. Rb1 Rb8 32. f6 Rc8 33. Qh3 Rc7 34. Nd2 Qc8 35. Bd1 Re8
36. Ba4 Nhf8 37. bxc5 dxc5 38. d6 Rc6 39. Bxc6 Qxc6 40. Qd3 Re6 41. Qd5 Rxd6
42. Qxc6 bxc6 43. Rb7 Rd3 44. Rf3 Rd6 45. Ra7 Nb8 46. Rf2 Ne6 47. Bxe5 Rd8 48.
Bxb8 Rxb8 49. Rxa6 Nd4 50. Nf3 Rb4 51. Nxd4 cxd4 52. Rxc6 d3 53. Rd2 Rb1+ 54.
Kg2 Rb3 55. a6 Ra3 56. Rd6 Ra4 57. R2xd3 Rxc4 58. a7 Rc8 59. Rd8+ Rxd8 60.
Rxd8+ 1-0

[Event "C.P.A. Zevio 2019"]
[Site "?"]
[Date "2019.01.27"]
[Round "4.20"]
[White "Gasparini, Marco"]
[Black "Gallo, Fausto"]
[Result "1-0"]
[WhiteElo "1416"]
[BlackElo "1529"]
[PlyCount "67"]
[EventDate "2019.??.??"]

1. e4 c5 2. Nf3 d6 3. Nc3 a6 4. Bc4 e6 5. a4 Nc6 6. d3 Nf6 7. Bg5 Be7 8. h3 Qa5
9. O-O O-O 10. Qd2 Qb6 11. Rfe1 Qc7 12. Ne2 Nd7 13. Ng3 Nde5 14. Nxe5 Nxe5 15.
Nh5 Kh8 16. Bf4 Rg8 17. Re3 g6 18. Ng3 Nxc4 19. dxc4 Bf6 20. Bxd6 Qb6 21. Rb3
Qc6 22. Qf4 Bg7 23. Be5 b6 24. Rf3 f5 25. exf5 exf5 26. Re1 Bb7 27. Bxg7+ Rxg7
28. Nf1 Qxa4 29. Ne3 Bxf3 30. Qxf3 Re8 31. b3 Qd7 32. Rd1 Qe7 33. Qc6 Qc7 34.
Qxe8+ 1-0

[Event "C.P.A. Zevio 2019"]
[Site "?"]
[Date "2019.01.27"]
[Round "5.1"]
[White "Zanchetta, Nicola"]
[Black "Vincenzi, Marco"]
[Result "1-0"]
[WhiteElo "2018"]
[BlackElo "2069"]
[PlyCount "85"]
[EventDate "2019.??.??"]

1. d4 Nf6 2. c4 g6 3. f3 c5 4. d5 d6 5. Nc3 Bg7 6. e4 O-O 7. Bd3 e6 8. Nge2
exd5 9. cxd5 Na6 10. a3 Nc7 11. h4 Rb8 12. Be3 b5 13. b4 c4 14. Bc2 Rb7 15. Rb1
Re8 16. Qd2 Qe7 17. Kf2 Nd7 18. h5 Ne5 19. Rh2 f5 20. hxg6 hxg6 21. Rbh1 Rf8
22. Bh6 fxe4 23. Kg1 Ne8 24. Bxe4 Bf5 25. Nf4 Qf6 26. Bxf5 Qxf5 27. Ne6 Nxf3+
28. gxf3 Qxf3 29. Qe2 Bxc3 30. Bxf8 Qxe2 31. Rxe2 Nf6 32. Rh6 Kf7 33. Rf2 Ke8
34. Bxd6 Rb6 35. Bc5 Rb7 36. Rxg6 Rf7 37. d6 Kd7 38. Ng5 Rf8 39. Ne4 Nxe4 40.
Rxf8 Nxc5 41. bxc5 Bd4+ 42. Kf1 Bxc5 43. Rf7+ 1-0

[Event "C.P.A. Zevio 2019"]
[Site "?"]
[Date "2019.01.27"]
[Round "5.2"]
[White "De Santis, Alessio"]
[Black "Malni, Riccardo"]
[Result "1-0"]
[WhiteElo "2283"]
[BlackElo "1957"]
[PlyCount "135"]
[EventDate "2019.??.??"]

1. b3 e5 2. Bb2 d6 3. e3 Nf6 4. Be2 Be7 5. c4 Nbd7 6. Nc3 c6 7. Nf3 O-O 8. Qc2
Re8 9. Ng5 Nf8 10. h4 h6 11. O-O-O Bg4 12. f3 Bh5 13. g4 Bg6 14. Bd3 Bxd3 15.
Qxd3 hxg5 16. hxg5 N6h7 17. f4 Bxg5 18. fxg5 Nxg5 19. Rh5 f6 20. Rdh1 Qd7 21.
Ba3 Rad8 22. Ne4 Nxe4 23. Qxe4 d5 24. cxd5 Qxd5 25. Qc2 Qd3 26. Qxd3 Rxd3 27.
g5 f5 28. Bxf8 Kxf8 29. g6 f4 30. exf4 Rg3 31. f5 Ke7 32. Rh8 Rxh8 33. Rxh8 Rf3
34. Rg8 Kf6 35. Rf8+ Kg5 36. Rf7 Rxf5 37. Rxg7 b5 38. Rxa7 Kxg6 39. Rc7 Rf6 40.
a4 bxa4 41. bxa4 Kg5 42. a5 Rf1+ 43. Kb2 Rf2 44. Kc2 Rf4 45. Rxc6 Ra4 46. a6
Kf4 47. Kb3 Ra5 48. Kb4 Ra2 49. Rf6+ Ke4 50. Rd6 Kf3 51. Kb5 e4 52. Kb6 Rb2+
53. Kc7 Ra2 54. Kb8 Rb2+ 55. Ka8 Ke2 56. a7 Rb1 57. Rd4 Kf3 58. Rc4 Rb2 59. Rd4
Rb1 60. Rd7 Rb2 61. Rf7+ Ke2 62. Re7 Kf3 63. Rd7 Ke2 64. Rd8 Kf3 65. d4 e3 66.
d5 e2 67. Re8 Rd2 68. Kb7 1-0

[Event "C.P.A. Zevio 2019"]
[Site "?"]
[Date "2019.01.27"]
[Round "5.3"]
[White "Fratton, Zeno"]
[Black "Luciani, Valerio"]
[Result "1-0"]
[WhiteElo "2052"]
[BlackElo "2165"]
[PlyCount "41"]
[EventDate "2019.??.??"]

1. c4 Nf6 2. Nf3 e6 3. g3 b6 4. Bg2 Bb7 5. b3 Be7 6. O-O O-O 7. Bb2 d5 8. cxd5
exd5 9. d4 Nbd7 10. Nbd2 c5 11. Rc1 Rc8 12. Ne5 Rc7 13. Qc2 Qa8 14. Rfd1 Nxe5
15. dxe5 Nd7 16. Qf5 Rd8 17. e6 Bf6 18. exf7+ Kh8 19. Bxf6 Nxf6 20. Qe6 Bc8 21.
Qd6 1-0

[Event "C.P.A. Zevio 2019"]
[Site "?"]
[Date "2019.01.27"]
[Round "5.4"]
[White "Negro, Raffaele"]
[Black "Faccia, Sergio"]
[Result "0-1"]
[WhiteElo "1842"]
[BlackElo "1977"]
[PlyCount "126"]
[EventDate "2019.??.??"]

1. d4 Nf6 2. Bf4 d6 3. Nc3 g6 4. e4 Bg7 5. Qd2 Nbd7 6. Nf3 c5 7. dxc5 Nxc5 8.
e5 Nfe4 9. Nxe4 Nxe4 10. Qd4 d5 11. O-O-O O-O 12. Bd3 Qa5 13. Kb1 Be6 14. Ng5
Nxg5 15. Bxg5 Qc7 16. Rhe1 Rac8 17. c3 a6 18. h3 b5 19. g4 Rfe8 20. f4 Qc5 21.
f5 Qxd4 22. cxd4 Bd7 23. f6 exf6 24. exf6 Rxe1 25. Rxe1 Bf8 26. Bf4 Re8 27.
Rxe8 Bxe8 28. g5 Bd7 29. h4 Bb4 30. Bg3 Bd2 31. Bf2 Bf4 32. Kc2 h6 33. gxh6
Bxh6 34. a4 Bf4 35. Kd1 Bc7 36. axb5 axb5 37. Ke2 Bd8 38. Ke3 Bxf6 39. Kf4 Kf8
40. Be2 Ke7 41. Ke3 Kd6 42. Kd3 Kc6 43. Kc3 Be7 44. b4 Bf5 45. Be1 Be4 46. Bf1
f5 47. Kb2 Bd6 48. Kc1 Bf4+ 49. Kb2 Be3 50. Kc3 Kb6 51. Be2 Kc6 52. Bd2 Bf2 53.
Bg5 Bg3 54. h5 gxh5 55. Bxh5 f4 56. Bxf4 Bxf4 57. Be8+ Kb6 58. Bf7 Bg3 59. Be8
Be1+ 60. Kb3 Bd3 61. Bh5 Bc4+ 62. Kc2 Bxb4 63. Kb2 Be1 0-1

[Event "C.P.A. Zevio 2019"]
[Site "?"]
[Date "2019.01.27"]
[Round "5.5"]
[White "Bertani, Gianfranco"]
[Black "Passon, Stefano"]
[Result "1-0"]
[WhiteElo "1961"]
[BlackElo "1738"]
[PlyCount "83"]
[EventDate "2019.??.??"]

1. f4 Nf6 2. Nf3 c5 3. b3 d5 4. e3 g6 5. Bb2 Bg7 6. Bb5+ Bd7 7. Qe2 O-O 8. Bxd7
Nbxd7 9. O-O Rc8 10. d3 a6 11. c4 b6 12. Nbd2 Qc7 13. Ne5 Nh5 14. Ndf3 dxc4 15.
dxc4 Nhf6 16. e4 Nh5 17. g3 Rcd8 18. Rad1 Nb8 19. Rxd8 Rxd8 20. Rd1 h6 21. Rd3
e6 22. Qd2 Rxd3 23. Qxd3 Bf6 24. f5 g5 25. Bc3 Qd8 26. Qxd8+ Bxd8 27. Ng4 Kh7
28. f6 Nd7 29. e5 b5 30. cxb5 axb5 31. a4 c4 32. axb5 cxb3 33. Nd2 Nc5 34. Bd4
Na4 35. Nxb3 Kg6 36. Kg2 Nb6 37. Ne3 Bc7 38. Nd2 Nxf6 39. exf6 e5 40. Bxb6 Bxb6
41. Nd5 Bd4 42. g4 1-0

[Event "C.P.A. Zevio 2019"]
[Site "?"]
[Date "2019.01.27"]
[Round "5.6"]
[White "Conati, Kevin"]
[Black "Benedetti, Maurizio"]
[Result "1-0"]
[WhiteElo "1649"]
[BlackElo "1617"]
[PlyCount "41"]
[EventDate "2019.??.??"]

1. e4 c5 2. Nf3 d6 3. d4 cxd4 4. Nxd4 Nf6 5. Nc3 e6 6. Be2 Nc6 7. Be3 Bd7 8.
O-O Nxd4 9. Bxd4 Bc6 10. Bf3 e5 11. Be3 b6 12. Bg5 Be7 13. Re1 Ng8 14. Bxe7
Nxe7 15. Qd3 Qd7 16. Rad1 Rd8 17. Rd2 Ng6 18. Red1 Nf4 19. Qxd6 Qxd6 20. Rxd6
Ba8 21. Rxd8+ 1-0

[Event "C.P.A. Zevio 2019"]
[Site "?"]
[Date "2019.01.27"]
[Round "5.7"]
[White "Biasiolo, Michele"]
[Black "Adami, Antonio"]
[Result "0-1"]
[WhiteElo "1570"]
[BlackElo "1787"]
[PlyCount "60"]
[EventDate "2019.??.??"]

1. e4 Nf6 2. d3 d6 3. b3 g6 4. Bb2 Bg7 5. f4 O-O 6. Nf3 c6 7. Be2 Qb6 8. Nc3
Ng4 9. d4 c5 10. Na4 Qa5+ 11. Bc3 Qc7 12. Qd3 Nc6 13. h3 Nf6 14. a3 b5 15. Nb2
d5 16. Qe3 Nxe4 17. Ne5 cxd4 18. Bxd4 Nxd4 19. Qxd4 Qxc2 20. Rd1 Qxb3 21. Rd3
Qc2 22. Rg1 Be6 23. Bd1 Qc1 24. Rf1 Rfc8 25. Rff3 Rc2 26. Rb3 Rxg2 27. Rxb5 Rc8
28. f5 Bxe5 29. Qxe5 Rg1+ 30. Rf1 Qd2# 0-1

[Event "C.P.A. Zevio 2019"]
[Site "?"]
[Date "2019.01.27"]
[Round "5.8"]
[White "Modena, Giorgio"]
[Black "Gemma, Stefano"]
[Result "1-0"]
[WhiteElo "1887"]
[BlackElo "1566"]
[PlyCount "120"]
[EventDate "2019.??.??"]

1. e4 e5 2. Nf3 Nc6 3. Bb5 Bc5 4. O-O Nd4 5. Nxd4 Bxd4 6. c3 Bb6 7. d4 exd4 8.
cxd4 Ne7 9. Nc3 O-O 10. Bg5 f6 11. Be3 d5 12. exd5 Nxd5 13. Bc4 c6 14. Nxd5
cxd5 15. Bb3 Be6 16. Rc1 Qd6 17. Qd2 Rac8 18. Bf4 Qd7 19. Be3 Rxc1 20. Rxc1 Rc8
21. Rxc8+ Qxc8 22. Qc3 Qd7 23. f3 Qb5 24. Bc2 Ba5 25. Qd3 Qxb2 26. Qxh7+ Kf8
27. g4 Qc3 28. Qd3 Qa1+ 29. Kg2 Qxa2 30. g5 f5 31. Kg3 Bc7+ 32. f4 Qc4 33. Qa3+
Kf7 34. Bd3 Bd6 35. Qxd6 Qxd3 36. g6+ Kxg6 37. Qxe6+ Kh7 38. Kf2 Qe4 39. Qxe4
fxe4 40. f5 g6 41. fxg6+ Kxg6 42. Bf4 Kf5 43. Bb8 a5 44. Bc7 a4 45. Bd6 Kg4 46.
Ke3 Kh3 47. Kd2 b5 48. Kc3 a3 49. Kb3 b4 50. Bxb4 a2 51. Kxa2 Kxh2 52. Kb3 Kg2
53. Bd2 Kf2 54. Kb4 e3 55. Bc3 Ke2 56. Kc5 Kd3 57. Ba5 Ke4 58. Bb6 e2 59. Ba5
Kf5 60. Kxd5 Kf6 1-0

[Event "C.P.A. Zevio 2019"]
[Site "?"]
[Date "2019.01.27"]
[Round "5.9"]
[White "Pieropan, Giorgio"]
[Black "Zonta, Riccardo"]
[Result "1-0"]
[WhiteElo "1786"]
[BlackElo "1542"]
[PlyCount "43"]
[EventDate "2019.??.??"]

1. e4 d5 2. exd5 Qxd5 3. Nc3 Qd8 4. d4 Nf6 5. Bc4 c6 6. Nf3 e6 7. O-O Be7 8.
Re1 Nbd7 9. Qe2 O-O 10. Bxe6 Nb6 11. Bxc8 Nxc8 12. Bg5 Re8 13. Bxf6 gxf6 14.
Rad1 Nb6 15. Nh4 Bf8 16. Qg4+ Bg7 17. Nf5 Rxe1+ 18. Rxe1 Qf8 19. Ne4 Nd7 20.
Ned6 b6 21. Nh6+ Kh8 22. Ndxf7+ 1-0

[Event "C.P.A. Zevio 2019"]
[Site "?"]
[Date "2019.01.27"]
[Round "5.10"]
[White "Casarotto, Michele"]
[Black "Bonavigo, Claudio"]
[Result "1-0"]
[WhiteElo "1657"]
[BlackElo "1730"]
[PlyCount "97"]
[EventDate "2019.??.??"]

1. e4 d6 2. d4 Nf6 3. Bd3 e5 4. c3 c6 5. h3 Qc7 6. Nf3 Be7 7. O-O O-O 8. Nbd2
b5 9. Re1 Bb7 10. Nf1 Re8 11. Ng3 Bc8 12. Bg5 a6 13. Qd2 Kh8 14. Nh4 Ng8 15.
Nhf5 Bxf5 16. exf5 Bxg5 17. Qxg5 f6 18. Qh5 Nd7 19. Bc2 Re7 20. Bb3 d5 21. dxe5
fxe5 22. Re3 Ngf6 23. Qd1 Rae8 24. Qd2 Nb6 25. Rae1 a5 26. a3 a4 27. Ba2 Nbd7
28. Ne2 e4 29. Nd4 Nf8 30. Qe2 N6d7 31. f3 Nc5 32. fxe4 Rxe4 33. Rxe4 Rxe4 34.
Qd2 Nfd7 35. Bb1 Rxe1+ 36. Qxe1 Qe5 37. Qh4 Nf6 38. Nxc6 Qe3+ 39. Qf2 Qc1+ 40.
Kh2 Nce4 41. Bxe4 Nxe4 42. Qh4 h6 43. Ne7 Nf6 44. Ng6+ Kh7 45. Qb4 Qf1 46. Qe7
Qf2 47. Nf8+ Kg8 48. Ne6 Ng4+ 49. hxg4 1-0

[Event "C.P.A. Zevio 2019"]
[Site "?"]
[Date "2019.01.27"]
[Round "5.11"]
[White "Rossero, Tullio"]
[Black "Pisani, Valerio"]
[Result "0-1"]
[WhiteElo "1721"]
[BlackElo "1713"]
[PlyCount "66"]
[EventDate "2019.??.??"]

1. d4 Nf6 2. c4 g6 3. Nc3 Bg7 4. e4 d6 5. Nge2 Nc6 6. d5 Ne5 7. Ng3 O-O 8. Be2
b6 9. Bf4 a5 10. h4 h5 11. Qc1 Ba6 12. Nb5 Ned7 13. Qc2 Nc5 14. Nd4 Nxd5 15.
Nc6 Nb4 16. Nxb4 axb4 17. Rd1 Qd7 18. b3 Ne6 19. Be3 Bc3+ 20. Bd2 Nd4 21. Qd3
Bxd2+ 22. Rxd2 e5 23. Bf3 Bb7 24. Qe3 Qe7 25. Bxh5 gxh5 26. Qh6 Qe6 27. Qxh5
Qg6 28. Qd1 Bxe4 29. Nxe4 Qxe4+ 30. Kf1 Kg7 31. Rh3 Rh8 32. Rg3+ Kf6 33. Rg4
Rxh4 0-1

[Event "C.P.A. Zevio 2019"]
[Site "?"]
[Date "2019.01.27"]
[Round "5.12"]
[White "Magnabosco, Mauro Denis"]
[Black "Antolini, Aldo"]
[Result "1/2-1/2"]
[WhiteElo "1692"]
[BlackElo "1541"]
[PlyCount "79"]
[EventDate "2019.??.??"]

1. c4 e6 2. Nc3 Nf6 3. e4 d6 4. d4 Be7 5. Bd3 Nc6 6. Nge2 O-O 7. O-O Re8 8. a3
h6 9. b3 Bf8 10. h3 e5 11. d5 Ne7 12. b4 c6 13. Be3 Bd7 14. Ng3 cxd5 15. Nxd5
Nfxd5 16. cxd5 Ng6 17. Qd2 b6 18. Rac1 Qh4 19. Qe2 Be7 20. Rc7 Bc8 21. Rfc1 Nf4
22. Bxf4 exf4 23. Nf5 Bxf5 24. exf5 Bg5 25. Qf3 Bf6 26. R7c4 Be5 27. a4 Qf6 28.
b5 Re7 29. Rc8+ Rxc8 30. Rxc8+ Kh7 31. Rc4 Kh8 32. Qg4 Kh7 33. Rc1 Kh8 34. Qf3
Kh7 35. Be4 Kh8 36. Qd3 Bd4 37. Kf1 Bc5 38. Qc4 Qb2 39. Rc2 Qb1+ 40. Ke2
1/2-1/2

[Event "C.P.A. Zevio 2019"]
[Site "?"]
[Date "2019.01.27"]
[Round "5.13"]
[White "Fusa, Nicola"]
[Black "Vujicic, Luigi"]
[Result "1/2-1/2"]
[WhiteElo "1634"]
[BlackElo "1326"]
[PlyCount "112"]
[EventDate "2019.??.??"]

1. e4 e5 2. Nf3 Nc6 3. Bb5 a6 4. Ba4 Nf6 5. O-O b5 6. Bb3 Bb7 7. d3 Be7 8. c3
O-O 9. Bg5 d6 10. Nbd2 Nd7 11. Be3 Kh8 12. Re1 f5 13. exf5 Rxf5 14. Be6 Rf8 15.
Bd5 Nf6 16. Be6 d5 17. Bg5 Qd6 18. Bh3 Ng8 19. Bxe7 Ngxe7 20. Nf1 Ng6 21. g3
Qf6 22. Bg2 Rae8 23. Re2 Nd8 24. d4 exd4 25. cxd4 Re4 26. Qd2 Nc6 27. Rd1 Rfe8
28. Re3 R8e7 29. Qc3 a5 30. a3 h6 31. Qc5 Rxe3 32. Nxe3 Nd8 33. Qxb5 Qb6 34.
Qxb6 cxb6 35. Rc1 Kg8 36. Nd2 Rd7 37. Nb1 Kf7 38. Nc3 Ne7 39. Nb5 Ne6 40. Ng4
Nc6 41. Rd1 Ba6 42. a4 h5 43. Nc3 hxg4 44. Bxd5 Ncxd4 45. Rxd4 Bb7 46. Bxe6+
Kxe6 47. Rxd7 Kxd7 48. Kf1 Kd6 49. Ke2 Kc5 50. Kd2 Kb4 51. Kc2 Bc8 52. Nd5+ Kc5
53. Ne3 Kb4 54. Nd5+ Kc5 55. Nc3 Kb4 56. Nd5+ Kc5 1/2-1/2

[Event "C.P.A. Zevio 2019"]
[Site "?"]
[Date "2019.01.27"]
[Round "5.14"]
[White "Mattavelli, Italo"]
[Black "Trigili, Franco"]
[Result "1-0"]
[WhiteElo "1705"]
[BlackElo "1473"]
[PlyCount "69"]
[EventDate "2019.??.??"]

1. e4 Nc6 2. d4 Nf6 3. e5 Nd5 4. Nf3 e6 5. Bd3 Ncb4 6. Be2 c5 7. c3 Nc6 8. O-O
Be7 9. Bc4 cxd4 10. cxd4 Nb6 11. Bb3 d6 12. Qe2 d5 13. Nc3 Bd7 14. Be3 a5 15.
a3 a4 16. Bc2 Na5 17. Nd2 O-O 18. Qd3 g6 19. Rfe1 Bg5 20. Bxg5 Qxg5 21. Re3 Qf5
22. Qxf5 exf5 23. Rb1 Rac8 24. Re2 Nac4 25. Nxc4 Rxc4 26. Rd1 Re8 27. Bb1 f4
28. Ba2 Rc7 29. Bxd5 Nc4 30. Ne4 Kg7 31. Bxc4 Rxc4 32. Nd6 Rb8 33. Nxc4 Bb5 34.
Rc2 Rc8 35. Rdc1 1-0

[Event "C.P.A. Zevio 2019"]
[Site "?"]
[Date "2019.01.27"]
[Round "5.15"]
[White "Leone, Cataldo"]
[Black "Marin, Alessandro"]
[Result "0-1"]
[WhiteElo "1551"]
[BlackElo "1978"]
[PlyCount "52"]
[EventDate "2019.??.??"]

1. e4 c5 2. Nf3 e6 3. c3 d5 4. exd5 Qxd5 5. d4 Nf6 6. Bb5+ Bd7 7. Bxd7+ Nbxd7
8. O-O Be7 9. Re1 O-O 10. Nbd2 cxd4 11. Nxd4 Nc5 12. N2f3 Rad8 13. Bf4 Nh5 14.
Re5 Qd6 15. Rf5 Nxf4 16. Re5 f6 17. Re3 e5 18. Qe1 Ncd3 19. Qd2 exd4 20. Nxd4
Ne5 21. Qc2 Qd5 22. Rg3 Neg6 23. Re1 Bc5 24. Nf3 Rfe8 25. Rxe8+ Rxe8 26. Kf1
Qc4+ 0-1

[Event "C.P.A. Zevio 2019"]
[Site "?"]
[Date "2019.01.27"]
[Round "5.16"]
[White "Fiscato, Claudio"]
[Black "Bonini, Roberto"]
[Result "1-0"]
[WhiteElo "1642"]
[BlackElo "1785"]
[PlyCount "135"]
[EventDate "2019.??.??"]

1. e4 e5 2. Nf3 Nc6 3. Bb5 Nf6 4. d3 d6 5. O-O Be7 6. Re1 O-O 7. c3 a6 8. Ba4
b5 9. Bc2 Bg4 10. Nbd2 d5 11. exd5 Qxd5 12. h3 Bh5 13. Qe2 Rfe8 14. Ne4 Nxe4
15. dxe4 Qd6 16. g4 Bg6 17. Rd1 Qc5 18. Be3 Qc4 19. Qxc4 bxc4 20. Ba4 Bxe4 21.
Nd2 Bd5 22. Nxc4 Bf3 23. Bxc6 Bxc6 24. Nxe5 Bb7 25. Nc4 Rad8 26. Bf4 Bd5 27.
Ne3 Bf3 28. Rxd8 Rxd8 29. Bxc7 Rd2 30. Nc4 Rd7 31. Ne5 Rd1+ 32. Rxd1 Bxd1 33.
Nc6 Bf6 34. Be5 Bh4 35. Kf1 Bf3 36. Nd4 Bd5 37. b3 Bb7 38. c4 Be7 39. Nf5 Bf8
40. Bd6 g6 41. Bxf8 gxf5 42. Bd6 fxg4 43. hxg4 Bf3 44. g5 Kg7 45. Bf4 f6 46.
gxf6+ Kxf6 47. Ke1 Kf5 48. Bg3 Ke4 49. Kd2 Kd4 50. Bh4 h5 51. Bf6+ Ke4 52. Kc2
Kf5 53. Be7 Kg4 54. Bd8 Be4+ 55. Kc3 Bb1 56. a3 Ba2 57. Kb4 h4 58. c5 h3 59.
Bc7 a5+ 60. Ka4 Kf5 61. b4 axb4 62. axb4 Ke6 63. Kb5 Kd7 64. Bh2 Bd5 65. Kb6
Bf3 66. b5 Kc8 67. c6 Be2 68. Kc5 1-0

[Event "C.P.A. Zevio 2019"]
[Site "?"]
[Date "2019.01.27"]
[Round "5.17"]
[White "Nuzzo, Michele"]
[Black "Bortolazzi, Michele"]
[Result "0-1"]
[WhiteElo "1346"]
[BlackElo "1921"]
[PlyCount "80"]
[EventDate "2019.??.??"]

1. d4 Nf6 2. Nc3 d5 3. Bf4 b6 4. Nb5 Na6 5. e3 e6 6. Nf3 c6 7. Nc3 Bb7 8. Bd3
Nh5 9. Be5 Nf6 10. O-O Bd6 11. Qe2 Nb4 12. a3 Nxd3 13. Qxd3 h6 14. h3 O-O 15.
e4 Bxe5 16. Nxe5 Qc8 17. Rac1 Ba6 18. Qe3 Bxf1 19. Kxf1 c5 20. Kg1 cxd4 21.
Qxd4 Rd8 22. exd5 Nxd5 23. Nxd5 Rxd5 24. Qf4 Qc7 25. Nd3 Qxf4 26. Nxf4 Rd2 27.
Nd3 Rc8 28. Ne1 Kf8 29. g3 Ke7 30. Kg2 f5 31. Kf3 e5 32. Ke3 Rd6 33. Nd3 Kf6
34. f4 exf4+ 35. Nxf4 Re8+ 36. Kf3 Rd2 37. g4 fxg4+ 38. hxg4 Rc8 39. Nh5+ Kf7
40. Ke3 Rdxc2 0-1

[Event "C.P.A. Zevio 2019"]
[Site "?"]
[Date "2019.01.27"]
[Round "5.18"]
[White "Venturini, Valter"]
[Black "Tencheni, Maurizio"]
[Result "0-1"]
[WhiteElo "1249"]
[BlackElo "1635"]
[PlyCount "48"]
[EventDate "2019.??.??"]

1. e4 b6 2. d4 Bb7 3. Bd3 Nc6 4. c3 e5 5. Ne2 Qe7 6. O-O exd4 7. Nxd4 Nxd4 8.
cxd4 g6 9. Nd2 Bg7 10. Nf3 Nf6 11. Qc2 d6 12. Bg5 O-O 13. Rfe1 Qd7 14. Rac1 c5
15. d5 Rfe8 16. Bb5 Qxb5 17. Bf4 Rad8 18. Qd2 Ng4 19. b3 Ne5 20. Ng5 Qd3 21.
Re2 Ba6 22. Qxd3 Nxd3 23. Rcc2 Nxf4 24. Kh1 h6 0-1

[Event "C.P.A. Zevio 2019"]
[Site "?"]
[Date "2019.01.27"]
[Round "5.19"]
[White "Pompele, Andrea"]
[Black "Gasparini, Marco"]
[Result "1-0"]
[WhiteElo "1519"]
[BlackElo "1416"]
[PlyCount "71"]
[EventDate "2019.??.??"]

1. e4 e5 2. Nf3 Nc6 3. Bc4 Bc5 4. d4 exd4 5. O-O h6 6. c3 dxc3 7. Nxc3 d6 8.
Qb3 Qd7 9. Qd1 Nf6 10. a3 O-O 11. b4 Bb6 12. Bb2 Qe7 13. Re1 Bg4 14. Nd5 Nxd5
15. exd5 Ne5 16. Bxe5 dxe5 17. h3 Bh5 18. g4 Bg6 19. Nxe5 Qh4 20. Qf3 Rad8 21.
Rad1 Rd6 22. Re2 Rf6 23. Qg2 Re8 24. Nf3 Bxf2+ 25. Rxf2 Rxf3 26. Qxf3 Be4 27.
Qxf7+ Kh7 28. Qxe8 Qg3+ 29. Kf1 Qxh3+ 30. Ke1 Qe3+ 31. Be2 Qc3+ 32. Kf1 Qh3+
33. Ke1 Qc3+ 34. Rd2 Bxd5 35. Bd1 c6 36. Bc2+ 1-0

[Event "C.P.A. Zevio 2019"]
[Site "?"]
[Date "2019.01.27"]
[Round "5.20"]
[White "Gallo, Fausto"]
[Black "Avanzini, Angelo"]
[Result "1-0"]
[WhiteElo "1529"]
[BlackElo "1546"]
[PlyCount "103"]
[EventDate "2019.??.??"]

1. d4 d5 2. c4 c6 3. Nc3 Nf6 4. Nf3 g6 5. Bg5 Bg7 6. e3 O-O 7. Be2 Nbd7 8. O-O
Qc7 9. Bf4 Qd8 10. Ne5 e6 11. Nxd7 Nxd7 12. c5 Re8 13. b4 e5 14. dxe5 Nxe5 15.
Rc1 Bf5 16. a4 Qc8 17. b5 h6 18. a5 g5 19. Bg3 Rd8 20. f4 gxf4 21. Bxf4 Re8 22.
h3 Ng6 23. g4 Nxf4 24. exf4 Be4 25. Nxe4 Rxe4 26. Kh1 Qe8 27. Bd3 Re3 28. Kg2
Qe7 29. a6 Qh4 30. Rf3 Rae8 31. axb7 Bd4 32. Rxe3 Bxe3 33. Qe1 Qe7 34. bxc6 d4
35. c7 Qxc7 36. c6 Re7 37. Qb4 Re8 38. Qe1 Rb8 39. Rc4 Rd8 40. Qg3 Bxf4 41. Qf3
Be3 42. Qe4 a5 43. Rc5 Bg1 44. Qh7+ Kf8 45. Qxh6+ Ke7 46. Qg5+ Kf8 47. Qe5 Qb6
48. Qh8+ Ke7 49. Re5+ Kd6 50. Qf6+ Kc7 51. Re7+ Kb8 52. Qe5+ 1-0